000
00344nam a2200157Ia 4500
008
100122s9999 xx 000 0 und d
082
_b
76809
_a
B821
100
_a
GASPER DEAN
245
_a
THE POEM TREE- 6
250
_a
1
260
_c
2002
300
_a
65
630
_a
THE POEM TREE- 6
730
_a
THE POEM TREE- 6
942
_c
BOOK
999
_c
393652
_d
393649